000 00263nam a2200109Ia 4500
008 200302s9999 xx 000 0 und d
100 _aCharles Miller
245 _aTips & Techniques for Builders
260 _bThe Taunton Press
260 _c1988
300 _a256 P.,
999 _c2259
_d2259